Integración económica de los inmigrantes mexicanos en la Zona Metropolitana de Los Angeles /

Se analiza la integración económica de los inmigrantes mexicanos en la zona metropolitana de Los Angeles; lo anterior mediante un análisis comparativo de indicadores tales como nivel de escolaridad, manejo del inglés, naturalización, participación en el mercado laboral y propiedad de la vivienda. Se...

Повний опис

Збережено в:
Бібліографічні деталі
Автор: Alarcón, Rafael
Інші автори: Ramírez-García, Telésforo
Формат: Текст
Предмети:
Теги: Додати тег
Немає тегів, Будьте першим, хто поставить тег для цього запису!

MARC

LEADER 00000 a a2200000 04500
001 43674
003
040
100 |a Alarcón, Rafael  
245 |a Integración económica de los inmigrantes mexicanos en la Zona Metropolitana de Los Angeles /  |c Rafael Alarcón ; Telésforo Ramírez-García  
500 |a ralarcon@colef.mx   |a tramirez@segob.gob.mx  
520 |a Se analiza la integración económica de los inmigrantes mexicanos en la zona metropolitana de Los Angeles; lo anterior mediante un análisis comparativo de indicadores tales como nivel de escolaridad, manejo del inglés, naturalización, participación en el mercado laboral y propiedad de la vivienda. Se revela que los inmigrantes mexicanos presentan comparativamente un patrón de integración en desventaja, pero que pese a ello están fuertemente integrados a la economía de Los Angeles que ha experimentado un grave proceso de reestructuración, degradación e informalidad.  
590 |a KSR/OCTUBRE2012  
650 |a 1.INTEGRACION ECONOMICA  
650 |a 2.MIGRACION INTERNACIONAL  
650 |a 3.MEXICO  
650 |a 4.ESTADOS UNIDOS  
700 |a Ramírez-García, Telésforo  
773 |g volumen17, número69 ( , 2011), páginas 73-103  
999 |c 36732  |d 36732